000 00775nam a2200193 a 4500
001 000013278
005 20200929163202.0
008 091123s2007 dr ag r 000 0 spa d
040 _aDO-SdBNP
_bspa
_cBNPHU
082 _axxxx
_bS939e
100 1 _aSuárez, Juana
_930473
245 1 0 _aEducación artística 2 /
_cpresentación Alejandrina Germán ; coordinación general, asesoría y edición José Molinaza ; ilustración Francisco Suárez.
250 _a2a ed.
260 _aSanto Domingo, :
_bSecretaría de Estado de Educación,
_c2007.
300 _a158 p. :
_bil., ms. ;
_c27 cm.
500 _aGestión educativa 2004-2008. Por una educación de calidad !Avancemos ahora!
700 1 _aMolinaza, José,
_ecoor. y ed.
_925720
700 1 _aSuárez, Francisco,
_eil.
_930474
999 _c12908
_d12908